000 01280cam a22002774a 4500
999 _c20240
_d20240
001 15447845
003 OSt
005 20170118160708.0
008 080911s2009 vaua b 001 0 eng
010 _a 2008040379
020 _a9781844077168 (hardback)
020 _a9781844077175 (pbk.)
040 _aDLC
_cDLC
_dDLC
050 0 0 _aNA2542.35 .D73 2009
082 0 0 _a720/.47
_222
100 1 _aDrake, Scott,
_cDr.
_d29385
245 1 4 _aThe elements of architecture :
_bprinciples of environmental performance in buildings /
_cScott Drake ;illustrations by Adam Brown and Tristan Wong.
260 _aLondon ;
_aSterling, VA :
_bEarthscan,
_c2009.
300 _axx, 124 p. :
_bill. ;
_c25 cm.
504 _aIncludes bibliographical references (p. [106]-120) and index.
650 0 _aArchitecture
_xEnvironmental aspects.
650 0 _aEnvironmental engineering.
856 4 1 _3Table of contents only
_uhttp://www.loc.gov/catdir/toc/ecip0828/2008040379.html
906 _a7
_bcbc
_corignew
_d1
_eecip
_f20
_gy-gencatlg
942 _2lcc
_cBOOKS
_hNA 2542.35 .D73 2009